000
00232nam a2200097Ia 4500
008
240331s9999 xx 000 0 und d
082
_b
TEC
100
_a
Ng, C. ed
245
0
_a
Technology and gender :
_b
women's work in Asia
942
_c
L
999
_c
2701
_d
2701